| 000 | 01065 a2200229 4500 | ||
|---|---|---|---|
| 020 | _a0471720925 | ||
| 020 | _a0471720925 | ||
| 040 |
_aDLC _bDLC |
||
| 100 | 1 | _aChu, Pong P., | |
| 245 | 1 | 0 |
_aRTL hardware design using VHDL : coding for efficiency, portability, and scalability _bcoding for efficiency, portability, and scalability _cPong P. Chu. |
| 246 | 3 | 0 | _aRTL hardware design using VHDL [electronic resource] |
| 260 |
_aHoboken, NJ : _bJ. Wiley & Sons, _c2006. |
||
| 300 |
_a669 p. : _bill. ; _c27 cm. |
||
| 500 | _a"A Wiley-Interscience publication." | ||
| 538 | _aMode of access: World Wide Web. | ||
| 538 | _aSystem requirements : Internet connectivity, World Wide Web browser, Adobe Acrobat reader required to view and print file. | ||
| 650 | 0 |
_aDigital electronics _xData processing. |
|
| 650 | 0 | _aVHDL (Computer hardware description language) | |
| 710 | 2 | _aWiley InterScience (Online service) | |
| 856 | 4 | 1 | _uhttp://libproxy1.nus.edu.sg/login?url=http://www3.interscience.wiley.com/cgi-bin/homepage/?isbn=9780471786412 |
| 942 |
_cBK _k621.392 CHU _2ddc |
||
| 999 |
_c8445 _d8445 |
||